00264nam a2200097Ia 4500008004100000082001600041100001300057245004500070260004200115300000900157210430s9999 xx 000 0 und d a297 S2431 T aM Sarwar aTumhara naam Muslim Hay /cM Sarwar Khan akarachibQurain book foundationc2011 a407p